000 00183 a2200097 4500
020 _a9780590926355
041 _aspa
100 _aPat Mora
245 _aEl arbol de Pablo
942 _cK
999 _c27314
_d27314